[Event "Budapest Spring Festival"]
[Site "Budapest HUN"]
[Date "2018.04.20"]
[Round "3.20"]
[White "Golubka, Petro"]
[Black "Skomorokhin, Roman"]
[Result "1/2-1/2"]
[WhiteElo "2509"]
[BlackElo "2387"]
[WhiteFideId "-1"]
[BlackFideId "-1"]
[PlyCount "49"]
[GameId "2130307621078583"]
[EventDate "2018.04.18"]
[EventType "swiss"]
[EventRounds "9"]
[EventCountry "HUN"]
[SourceTitle "10 Days #541"]
[Source "ChessMix"]
[SourceDate "2018.05.01"]
[SourceVersion "1"]
[SourceVersionDate "2018.05.01"]
[SourceQuality "1"]

1. d4 Nf6 2. Nf3 d5 3. c4 dxc4 4. e3 Bg4 5. Bxc4 e6 6. h3 Bh5 7. Qb3 Bxf3 8. gxf3 b6 9. Nc3 c6 10. Bd2 b5 11. Be2 Nbd7 12. Rc1 a6 13. a4 Be7 14. Ne4 Rc8 15. axb5 axb5 16. Nxf6+ Nxf6 17. f4 O-O 18. Bf3 Qd6 19. Ke2 Nd5 20. Rc2 Ra8 21. Rhc1 Ra6 22. Rc5 Qd7 23. R5c2 Qd6 24. Rc5 Qd7 25. R5c2 1/2-1/2

[Event "Budapest Spring Festival"]
[Site "Budapest HUN"]
[Date "2018.04.21"]
[Round "4.20"]
[White "Popov, Mikhail"]
[Black "Golubka, Petro"]
[Result "1/2-1/2"]
[WhiteElo "2403"]
[BlackElo "2509"]
[WhiteFideId "-1"]
[BlackFideId "-1"]
[PlyCount "59"]
[GameId "2130307621078623"]
[EventDate "2018.04.18"]
[EventType "swiss"]
[EventRounds "9"]
[EventCountry "HUN"]
[SourceTitle "10 Days #541"]
[Source "ChessMix"]
[SourceDate "2018.05.01"]
[SourceVersion "1"]
[SourceVersionDate "2018.05.01"]
[SourceQuality "1"]

1. d4 d5 2. c4 c6 3. Nf3 Nf6 4. Nc3 e6 5. Bg5 Nbd7 6. cxd5 exd5 7. e3 h6 8. Bh4 g5 9. Bg3 Nh5 10. Bd3 Nxg3 11. hxg3 Bg7 12. Qc2 Nb6 13. O-O-O Be6 14. Ne5 Qe7 15. Na4 Bxe5 16. dxe5 Bg4 17. f3 Bc8 18. e4 Be6 19. Nxb6 axb6 20. exd5 Bxd5 21. Bc4 Bxc4 22. Qxc4 Ra5 23. Kb1 Rxe5 24. Qd4 f6 25. Qxb6 Kf7 26. Qd4 Kg7 27. Qd7 Re6 28. Qd3 Re5 29. Qd7 Re6 30. Qd3 1/2-1/2

[Event "Budapest Spring Festival"]
[Site "Budapest HUN"]
[Date "2018.04.22"]
[Round "5.23"]
[White "Golubka, Petro"]
[Black "Rakotomaharo, Fy Antenaina"]
[Result "1/2-1/2"]
[WhiteElo "2509"]
[BlackElo "2415"]
[WhiteFideId "-1"]
[BlackFideId "-1"]
[PlyCount "105"]
[GameId "2130307621082762"]
[EventDate "2018.04.18"]
[EventType "swiss"]
[EventRounds "9"]
[EventCountry "HUN"]
[SourceTitle "10 Days #541"]
[Source "ChessMix"]
[SourceDate "2018.05.01"]
[SourceVersion "1"]
[SourceVersionDate "2018.05.01"]
[SourceQuality "1"]

1. d4 Nf6 2. Nf3 e6 3. c4 b6 4. a3 Bb7 5. Nc3 Ne4 6. Nxe4 Bxe4 7. Nd2 Bg6 8. g3 Nc6 9. e3 a5 10. b3 Be7 11. Bg2 O-O 12. O-O Bf6 13. Ne4 Bxe4 14. Bxe4 Rc8 15. Bb2 Ne7 16. Qc2 g6 17. Rfd1 d5 18. Bg2 c6 19. a4 Qc7 20. Rab1 Rfd8 21. Rbc1 Qb8 22. Qb1 c5 23. cxd5 exd5 24. Rc2 cxd4 25. Bxd4 Bxd4 26. Rxd4 Rc5 27. b4 Rxc2 28. Qxc2 Rc8 29. Qd2 Nc6 30. Rxd5 Nxb4 31. Rd7 Qe5 32. Rd8+ Rxd8 33. Qxd8+ Kg7 34. Qxb6 Qa1+ 35. Bf1 Qxa4 36. Qd4+ Kg8 37. h4 Qe8 38. h5 gxh5 39. Qc5 Qd8 40. Qxh5 Nc6 41. Bc4 Qf6 42. Qb5 Kg7 43. Bd3 Qa1+ 44. Kg2 Ne5 45. Bc2 Qc3 46. Be4 Ng6 47. Bd5 Qd2 48. e4 Ne5 49. Qe8 Qc3 50. Kh3 Qa1 51. Kg2 Qc3 52. Kh3 Qa1 53. Kg2 1/2-1/2

[Event "Budapest Spring Festival"]
[Site "Budapest HUN"]
[Date "2018.04.23"]
[Round "6.22"]
[White "Bakalchuk, Johnatan"]
[Black "Golubka, Petro"]
[Result "1/2-1/2"]
[WhiteElo "2410"]
[BlackElo "2509"]
[WhiteFideId "-1"]
[BlackFideId "-1"]
[PlyCount "72"]
[GameId "2130307621082801"]
[EventDate "2018.04.18"]
[EventType "swiss"]
[EventRounds "9"]
[EventCountry "HUN"]
[SourceTitle "10 Days #541"]
[Source "ChessMix"]
[SourceDate "2018.05.01"]
[SourceVersion "1"]
[SourceVersionDate "2018.05.01"]
[SourceQuality "1"]

1. e4 c5 2. Nf3 d6 3. d4 cxd4 4. Nxd4 Nf6 5. Nc3 a6 6. Be2 e6 7. g4 d5 8. exd5 exd5 9. g5 Ne4 10. Nxe4 dxe4 11. Be3 Bc5 12. Nb3 Qxd1+ 13. Rxd1 Bxe3 14. fxe3 h6 15. Rd4 hxg5 16. Rxe4+ Kf8 17. Re5 f6 18. O-O Rh3 19. Nd4 Nc6 20. Nxc6 bxc6 21. e4 Re3 22. Kf2 Rh3 23. Kg1 Re3 24. Kf2 Rh3 25. Ke1 Rxh2 26. Rxg5 a5 27. Bd3 Be6 28. e5 Kf7 29. exf6 gxf6 30. Rg6 f5 31. Rg3 Kf6 32. Rgf3 Ke5 33. Bxf5 Bxa2 34. Bd3 Bd5 35. R3f2 Rxf2 36. Rxf2 a4 1/2-1/2

[Event "Budapest Spring Festival"]
[Site "Budapest HUN"]
[Date "2018.04.24"]
[Round "7.22"]
[White "Golubka, Petro"]
[Black "Drazic, Sinisa"]
[Result "0-1"]
[WhiteElo "2509"]
[BlackElo "2394"]
[WhiteFideId "-1"]
[BlackFideId "-1"]
[PlyCount "108"]
[GameId "2130307621086937"]
[EventDate "2018.04.18"]
[EventType "swiss"]
[EventRounds "9"]
[EventCountry "HUN"]
[SourceTitle "10 Days #541"]
[Source "ChessMix"]
[SourceDate "2018.05.01"]
[SourceVersion "1"]
[SourceVersionDate "2018.05.01"]
[SourceQuality "1"]

1. d4 g6 2. e4 Nf6 3. e5 Nh5 4. Be2 d6 5. Nf3 dxe5 6. Nxe5 Nf6 7. Bc4 e6 8. Bg5 Bg7 9. Nc3 h6 10. Bh4 Nbd7 11. Qf3 Nb6 12. Bb5+ c6 13. Nxc6 bxc6 14. Bxc6+ Bd7 15. Bxa8 Qxa8 16. Qxa8+ Nxa8 17. Bxf6 Bxf6 18. O-O-O Nb6 19. Ne4 Bg5+ 20. Kb1 Bc6 21. Rhe1 Be7 22. g3 g5 23. c3 h5 24. b3 Bxe4+ 25. Rxe4 Nd5 26. Kb2 Bd6 27. c4 Nf6 28. Re2 Kd7 29. h3 h4 30. g4 Rb8 31. f3 Kc7 32. Kc2 a5 33. Ra1 Nd7 34. a3 Kc6 35. Re3 Nf8 36. Rd3 Kc7 37. c5 Be7 38. Kc3 Ng6 39. Kc4 Nf4 40. Rd2 Bf6 41. b4 Nxh3 42. b5 Nf4 43. a4 Kb7 44. Rb1 Nd5 45. Rh1 Rh8 46. b6 Ka6 47. Kd3 Rd8 48. Rhh2 Kb7 49. Kc4 Kc6 50. Rd3 Nb4 51. Rdd2 Rd5 52. Rhe2 Kb7 53. Re4 Nc6 54. f4 Bxd4 0-1

[Event "Budapest Spring Festival"]
[Site "Budapest HUN"]
[Date "2018.04.25"]
[Round "8.35"]
[White "Rudolf, Michal"]
[Black "Golubka, Petro"]
[Result "1/2-1/2"]
[WhiteElo "2349"]
[BlackElo "2509"]
[WhiteFideId "-1"]
[BlackFideId "-1"]
[PlyCount "91"]
[GameId "2130307621086989"]
[EventDate "2018.04.18"]
[EventType "swiss"]
[EventRounds "9"]
[EventCountry "HUN"]
[SourceTitle "10 Days #541"]
[Source "ChessMix"]
[SourceDate "2018.05.01"]
[SourceVersion "1"]
[SourceVersionDate "2018.05.01"]
[SourceQuality "1"]

1. e4 c5 2. Nf3 d6 3. Bb5+ Nd7 4. d4 cxd4 5. Qxd4 e5 6. Qd3 h6 7. O-O Ngf6 8. Nc3 a6 9. Bxd7+ Bxd7 10. Be3 Be7 11. Nd2 b5 12. a4 Rb8 13. axb5 axb5 14. b4 O-O 15. Ra5 Bc6 16. Nd5 Re8 17. Nb1 Bxd5 18. exd5 e4 19. Qd4 Ng4 20. Qxe4 h5 21. Qf3 Bf6 22. Bf4 Bd4 23. c3 Bxf2+ 24. Kh1 Qf6 25. h3 Qh4 26. Ra2 g5 27. Bxd6 Re3 28. Raxf2 Nxf2+ 29. Qxf2 Qxf2 30. Rxf2 Rd8 31. Bc7 Rd7 32. d6 Re1+ 33. Kh2 Rxb1 34. Rf5 f6 35. Rxf6 Kg7 36. Rf5 Kg6 37. Rxb5 h4 38. g4 hxg3+ 39. Kxg3 Rc1 40. Rc5 Rf7 41. Bd8 Rg1+ 42. Kh2 Rff1 43. Rd5 Rh1+ 44. Kg2 Rhg1+ 45. Kh2 Rh1+ 46. Kg2 1/2-1/2

[Event "Budapest Spring Festival"]
[Site "Budapest HUN"]
[Date "2018.04.26"]
[Round "9.35"]
[White "Golubka, Petro"]
[Black "Chylewski, Patryk"]
[Result "0-1"]
[WhiteElo "2509"]
[BlackElo "2322"]
[WhiteFideId "-1"]
[BlackFideId "-1"]
[PlyCount "98"]
[GameId "2130307621087027"]
[EventDate "2018.04.18"]
[EventType "swiss"]
[EventRounds "9"]
[EventCountry "HUN"]
[SourceTitle "10 Days #541"]
[Source "ChessMix"]
[SourceDate "2018.05.01"]
[SourceVersion "1"]
[SourceVersionDate "2018.05.01"]
[SourceQuality "1"]

1. e4 e5 2. Nf3 Nc6 3. Bb5 a6 4. Ba4 Nf6 5. O-O Be7 6. Re1 b5 7. Bb3 O-O 8. d3 d6 9. a4 b4 10. Nbd2 Na5 11. Ba2 c5 12. c3 Rb8 13. d4 bxc3 14. bxc3 cxd4 15. cxd4 Nc6 16. Nc4 exd4 17. Nxd4 Nxd4 18. Qxd4 Be6 19. Ba3 Ne8 20. Rad1 Qd7 21. Nb6 Qc7 22. Nd5 Bxd5 23. Qxd5 Nf6 24. Qd3 Rfd8 25. Bc4 Qa5 26. Ra1 Nd7 27. Bxa6 Bf6 28. Bb5 Nc5 29. Qc2 Bxa1 30. Rxa1 Ne6 31. Bb2 Rbc8 32. Qd1 Qb4 33. Rb1 Qxe4 34. Bd3 Qh4 35. g3 Qg5 36. h4 Qa5 37. Qg4 Rb8 38. Qe4 Qh5 39. Bb5 d5 40. Qe5 Qxe5 41. Bxe5 Ra8 42. Bc6 Ra6 43. Bb5 Ra7 44. Bc3 d4 45. Bd2 Nc5 46. a5 Ne4 47. Be1 Nc3 48. Bxc3 dxc3 49. a6 c2 0-1

[Event "Titled Tuesday 2018.04.03"]
[Site "Chess.com INT"]
[Date "2018.04.03"]
[Round "1"]
[White "Golubka, Petro"]
[Black "Garcia Ramos, Daniel"]
[Result "1-0"]
[WhiteElo "2503"]
[BlackElo "2321"]
[WhiteFideId "-1"]
[BlackFideId "-1"]
[PlyCount "79"]
[GameId "1515677717516288"]
[EventDate "2018.04.03"]
[EventType "swiss (blitz)"]
[EventRounds "10"]
[EventCountry "NET"]
[SourceTitle "EXT 2021"]
[Source "ChessBase"]
[SourceDate "2020.10.23"]
[SourceVersion "1"]
[SourceVersionDate "2020.10.23"]
[SourceQuality "1"]

1. e4 e5 2. Nf3 Nc6 3. Bc4 Bc5 4. d3 Nf6 5. c3 O-O 6. Bb3 d6 7. Nbd2 Bb6 8. Nc4 Ne7 9. Nxb6 axb6 10. h3 Be6 11. Bxe6 fxe6 12. Ng5 Qd7 13. O-O h6 14. Nf3 Ng6 15. Re1 Qf7 16. d4 Nh5 17. Be3 Nhf4 18. dxe5 dxe5 19. Bxf4 Nxf4 20. Re3 Rad8 21. Qf1 Qh5 22. Rd1 c6 23. Rxd8 Rxd8 24. Kh2 b5 25. a3 Kh7 26. c4 bxc4 27. Qxc4 Rd1 28. Qb4 Qg6 29. g3 Nd3 30. Rxd3 Rxd3 31. Nxe5 Qh5 32. Nxd3 Qe2 33. Qc3 Qxe4 34. Kg1 Qf3 35. h4 h5 36. Nf4 Qd1+ 37. Kg2 g6 38. Nh3 Qg4 39. Ng5+ Kg8 40. Qe3 1-0

[Event "Titled Tuesday 2018.04.03"]
[Site "Chess.com INT"]
[Date "2018.04.03"]
[Round "2"]
[White "Golubka, Petro"]
[Black "Gorstein, Ido"]
[Result "0-1"]
[WhiteElo "2503"]
[BlackElo "2484"]
[WhiteFideId "-1"]
[BlackFideId "-1"]
[PlyCount "100"]
[GameId "1515677718048768"]
[EventDate "2018.04.03"]
[EventType "swiss (blitz)"]
[EventRounds "10"]
[EventCountry "NET"]
[SourceTitle "EXT 2021"]
[Source "ChessBase"]
[SourceDate "2020.10.23"]
[SourceVersion "1"]
[SourceVersionDate "2020.10.23"]
[SourceQuality "1"]

1. e4 c6 2. d4 d5 3. exd5 cxd5 4. c4 Nf6 5. Nc3 g6 6. h3 Bg7 7. Nf3 O-O 8. Be2 Nc6 9. O-O dxc4 10. Bxc4 Na5 11. Bd3 Be6 12. Re1 Bc4 13. Bxc4 Nxc4 14. Qe2 Rc8 15. Qxe7 Qb6 16. Qe2 Rfe8 17. Be3 Qxb2 18. Qxb2 Nxb2 19. Reb1 Nc4 20. Bg5 b6 21. Re1 Rxe1+ 22. Rxe1 h6 23. Bxf6 Bxf6 24. Nd5 Kg7 25. a4 Rd8 26. Nb4 Rd6 27. Nc2 Nb2 28. Ra1 Nd3 29. Kf1 Nf4 30. a5 b5 31. a6 Nd5 32. Ra5 Rb6 33. Ke2 Nc7 34. Ne5 Bxe5 35. dxe5 Rxa6 36. Rxa6 Nxa6 37. f4 Nc5 38. g4 a5 39. f5 gxf5 40. gxf5 b4 41. Ke3 Kf8 42. Kd4 Nd7 43. e6 fxe6 44. fxe6 Nf6 45. Ke5 b3 46. Nd4 b2 47. Kxf6 b1=Q 48. Nf5 Qb2+ 49. Kg6 a4 50. Kxh6 a3 0-1

[Event "Titled Tuesday 2018.04.03"]
[Site "Chess.com INT"]
[Date "2018.04.03"]
[Round "3"]
[White "Xiong, Jeffery"]
[Black "Golubka, Petro"]
[Result "1-0"]
[WhiteElo "2640"]
[BlackElo "2503"]
[WhiteFideId "-1"]
[BlackFideId "-1"]
[PlyCount "79"]
[GameId "1515677718437888"]
[EventDate "2018.04.03"]
[EventType "swiss (blitz)"]
[EventRounds "10"]
[EventCountry "NET"]
[SourceTitle "EXT 2021"]
[Source "ChessBase"]
[SourceDate "2020.10.23"]
[SourceVersion "1"]
[SourceVersionDate "2020.10.23"]
[SourceQuality "1"]

1. e4 c5 2. Nf3 d6 3. d4 cxd4 4. Nxd4 Nf6 5. Nc3 Nc6 6. Bg5 e6 7. Qd2 a6 8. O-O-O h6 9. Nxc6 bxc6 10. Bf4 d5 11. Qe3 Bb4 12. Be2 O-O 13. e5 Nd7 14. h4 f6 15. Bxh6 Nxe5 16. Qg3 Qc7 17. Bf4 Bxc3 18. Qxc3 Nd3+ 19. Bxd3 Qxf4+ 20. Kb1 Qxf2 21. Qxc6 Rb8 22. h5 Qb6 23. Qxb6 Rxb6 24. Bg6 f5 25. Rh4 Bd7 26. c4 Rfb8 27. b3 Bc6 28. g3 a5 29. cxd5 Bxd5 30. Ka1 a4 31. Rxa4 Bf3 32. Rd2 Rc6 33. Rad4 Kf8 34. Rd7 Bd5 35. Kb2 Ra6 36. Rf7+ Kg8 37. Rc7 Rab6 38. Rdc2 Kf8 39. Rf7+ Kg8 40. Rcc7 1-0

[Event "Titled Tuesday 2018.04.03"]
[Site "Chess.com INT"]
[Date "2018.04.03"]
[Round "5"]
[White "Golubka, Petro"]
[Black "Ibarra Jerez, Jose Carlos"]
[Result "1-0"]
[WhiteElo "2503"]
[BlackElo "2569"]
[WhiteFideId "-1"]
[BlackFideId "-1"]
[PlyCount "105"]
[GameId "1515677719568384"]
[EventDate "2018.04.03"]
[EventType "swiss (blitz)"]
[EventRounds "10"]
[EventCountry "NET"]
[SourceTitle "EXT 2021"]
[Source "ChessBase"]
[SourceDate "2020.10.23"]
[SourceVersion "1"]
[SourceVersionDate "2020.10.23"]
[SourceQuality "1"]

1. d4 Nf6 2. c4 d6 3. Nc3 e5 4. e3 Nbd7 5. Nf3 Be7 6. Bd3 O-O 7. O-O Re8 8. d5 Nc5 9. e4 a5 10. Bc2 Nfd7 11. Kh1 b6 12. b3 g6 13. Rb1 Nf6 14. a3 Nh5 15. b4 axb4 16. axb4 Nd7 17. Ne1 Bg5 18. Nd3 Bxc1 19. Qxc1 Ba6 20. Bb3 Ndf6 21. h3 Kg7 22. Qe3 Nd7 23. Rbe1 h6 24. Kh2 Qf6 25. Ne2 Qe7 26. Rc1 Kh7 27. g4 Nf4 28. Nexf4 exf4 29. Qxf4 Kg7 30. Rfe1 g5 31. Qg3 Qf6 32. Ba4 Ne5 33. Bxe8 Nf3+ 34. Kg2 Nxe1+ 35. Rxe1 Rxe8 36. b5 Bc8 37. e5 Qg6 38. Re3 Bd7 39. f4 gxf4 40. Qxf4 Ra8 41. Kg3 Ra4 42. Qd4 Kh7 43. e6 fxe6 44. dxe6 Bxb5 45. Nf4 Qb1 46. Nh5 Qg1+ 47. Kh4 Qf2+ 48. Ng3 Rxc4 49. Qd3+ Kh8 50. Rf3 Qc5 51. Rf8+ Kg7 52. Rf7+ Kg8 53. Qh7# 1-0

[Event "Titled Tuesday 2018.04.03"]
[Site "Chess.com INT"]
[Date "2018.04.03"]
[Round "6"]
[White "Azarov, Sergei Nikolaevich"]
[Black "Golubka, Petro"]
[Result "1-0"]
[WhiteElo "2570"]
[BlackElo "2503"]
[WhiteFideId "-1"]
[BlackFideId "-1"]
[PlyCount "61"]
[GameId "1515677719826432"]
[EventDate "2018.04.03"]
[EventType "swiss (blitz)"]
[EventRounds "10"]
[EventCountry "NET"]
[SourceTitle "EXT 2021"]
[Source "ChessBase"]
[SourceDate "2020.10.23"]
[SourceVersion "1"]
[SourceVersionDate "2020.10.23"]
[SourceQuality "1"]

1. e4 c5 2. Nf3 d6 3. d4 cxd4 4. Nxd4 Nf6 5. Nc3 Nc6 6. Bc4 e6 7. Be3 a6 8. f4 Nxd4 9. Qxd4 b5 10. Bb3 Be7 11. O-O-O O-O 12. Rhg1 Ng4 13. Kb1 b4 14. Na4 Nxe3 15. Qxe3 Rb8 16. g4 Qa5 17. g5 Bb7 18. f5 Bc6 19. f6 Bd8 20. fxg7 Re8 21. g6 fxg6 22. Rxd6 Bxa4 23. Bxe6+ Kxg7 24. Bd5 Bb6 25. Rgxg6+ hxg6 26. Qg5 Bxc2+ 27. Ka1 Qxd5 28. Qxg6+ Kf8 29. Qh6+ Kg8 30. Rg6+ Kf7 31. Qg7# 1-0

[Event "Titled Tuesday 2018.04.03"]
[Site "Chess.com INT"]
[Date "2018.04.03"]
[Round "7"]
[White "Pultinevicius, Paulius"]
[Black "Golubka, Petro"]
[Result "1/2-1/2"]
[WhiteElo "2385"]
[BlackElo "2503"]
[WhiteFideId "-1"]
[BlackFideId "-1"]
[PlyCount "122"]
[GameId "1515677720420352"]
[EventDate "2018.04.03"]
[EventType "swiss (blitz)"]
[EventRounds "10"]
[EventCountry "NET"]
[SourceTitle "EXT 2021"]
[Source "ChessBase"]
[SourceDate "2020.10.23"]
[SourceVersion "1"]
[SourceVersionDate "2020.10.23"]
[SourceQuality "1"]

1. Nf3 Nf6 2. g3 g6 3. Bg2 Bg7 4. O-O O-O 5. d4 d6 6. c4 Nc6 7. Nc3 a6 8. Qc2 Bg4 9. Rd1 Rb8 10. Bf4 Na5 11. c5 d5 12. Ne5 Bc8 13. b4 Nc6 14. Nxc6 bxc6 15. a3 Nh5 16. Bd2 Bxd4 17. Bh6 Bg7 18. Bxg7 Nxg7 19. e4 e6 20. Qb2 a5 21. b5 Qe7 22. exd5 exd5 23. Rac1 Ne6 24. Bxd5 cxb5 25. Bc6 Qf6 26. Qc2 Nf4 27. gxf4 Qxc6 28. Nd5 Re8 29. Qc3 Re6 30. Re1 Bb7 31. Rcd1 Rxe1+ 32. Qxe1 Qxc5 33. Nf6+ Kg7 34. Nd7 Qc6 35. Qe5+ f6 36. Qe7+ Kh6 37. f3 Qxf3 38. Rd2 Qh1+ 39. Kf2 Qxh2+ 40. Ke1 Qg1+ 41. Ke2 Qg4+ 42. Ke1 Qg3+ 43. Kd1 Bf3+ 44. Kc2 Rb6 45. Nxb6 cxb6 46. Qf8+ Kh5 47. Qxf6 Be4+ 48. Kb2 b4 49. Rh2+ Kg4 50. Qg5+ Kf3 51. Qxg3+ Kxg3 52. Rxh7 bxa3+ 53. Kxa3 Kxf4 54. Rf7+ Ke3 55. Ka4 g5 56. Rf6 g4 57. Rxb6 g3 58. Rb8 g2 59. Rg8 Kf2 60. Kxa5 Bf3 61. Rxg2+ Bxg2 1/2-1/2

[Event "Titled Tuesday 2018.04.03"]
[Site "Chess.com INT"]
[Date "2018.04.03"]
[Round "9"]
[White "Golubka, Petro"]
[Black "Balogh, David"]
[Result "1-0"]
[WhiteElo "2503"]
[BlackElo "2194"]
[WhiteFideId "-1"]
[BlackFideId "-1"]
[PlyCount "121"]
[GameId "1515677721047040"]
[EventDate "2018.04.03"]
[EventType "swiss (blitz)"]
[EventRounds "10"]
[EventCountry "NET"]
[SourceTitle "EXT 2021"]
[Source "ChessBase"]
[SourceDate "2020.10.23"]
[SourceVersion "1"]
[SourceVersionDate "2020.10.23"]
[SourceQuality "1"]

1. d4 Nf6 2. c4 Nc6 3. Nf3 e6 4. a3 d6 5. Nc3 Be7 6. e4 O-O 7. Be2 a5 8. O-O e5 9. d5 Nb8 10. b3 Na6 11. Nd2 Bd7 12. Rb1 c5 13. Kh1 Nc7 14. f4 exf4 15. Nf3 Ng4 16. Bxf4 f6 17. a4 Na6 18. Qd2 Nb4 19. Rbe1 Ne5 20. Bg3 Qc7 21. Nd1 Rf7 22. Ne3 Raf8 23. Nh4 g6 24. Rf2 b6 25. Ref1 Kg7 26. Bf4 Kg8 27. Bh6 Re8 28. g3 Qd8 29. Nhg2 Qc8 30. Nf4 Bf8 31. Bxf8 Rexf8 32. h4 Kg7 33. Kh2 Qd8 34. Qd1 Qc8 35. g4 Na2 36. Qd2 Nb4 37. Rg1 h6 38. Ne6+ Bxe6 39. dxe6 Qxe6 40. Nf5+ Kg8 41. Nxh6+ Kg7 42. Nxf7 Rxf7 43. h5 g5 44. Rgf1 Nd7 45. Rf5 Nc6 46. Qd5 Qxd5 47. Rxd5 Nd4 48. Bd1 Ne5 49. Kg3 Rd7 50. Rf2 Kf7 51. Rd2 Ke6 52. R2xd4 cxd4 53. Rxd4 Rc7 54. Rd5 Nc6 55. Rb5 Rb7 56. e5 dxe5 57. Bf3 Kd6 58. c5+ Kc7 59. Bxc6 Kxc6 60. Rxb6+ Rxb6 61. cxb6 1-0

[Event "Titled Tuesday 2018.04.03"]
[Site "Chess.com INT"]
[Date "2018.04.03"]
[Round "10"]
[White "Kislov, Oleg"]
[Black "Golubka, Petro"]
[Result "1-0"]
[WhiteElo "2249"]
[BlackElo "2503"]
[WhiteFideId "-1"]
[BlackFideId "-1"]
[PlyCount "101"]
[GameId "1515677721341952"]
[EventDate "2018.04.03"]
[EventType "swiss (blitz)"]
[EventRounds "10"]
[EventCountry "NET"]
[SourceTitle "EXT 2021"]
[Source "ChessBase"]
[SourceDate "2020.10.23"]
[SourceVersion "1"]
[SourceVersionDate "2020.10.23"]
[SourceQuality "1"]

1. d4 Nf6 2. Nc3 d5 3. Bg5 c6 4. Bxf6 exf6 5. e3 Bb4 6. Nge2 O-O 7. a3 Bd6 8. Ng3 g6 9. Bd3 Re8 10. Nce2 a5 11. O-O h5 12. Re1 h4 13. Nf1 h3 14. g3 Bg4 15. Qd2 Nd7 16. Nc3 Nb6 17. Be2 Bf5 18. f3 Qd7 19. Bd3 a4 20. Kf2 Kg7 21. g4 Bxd3 22. cxd3 f5 23. gxf5 Qxf5 24. Ng3 Qf6 25. Rg1 Kf8 26. Nce2 Re6 27. e4 Qh4 28. e5 Bc7 29. Qf4 Qh7 30. Qg4 f5 31. Qg5 Bd8 32. Qe3 g5 33. f4 g4 34. Rgc1 Bh4 35. Qd2 Ke8 36. Qb4 Ra6 37. b3 Be7 38. Qc3 axb3 39. Qxb3 Bh4 40. Ke3 Nc8 41. a4 Rb6 42. Qc3 Ne7 43. a5 Rb5 44. a6 bxa6 45. Rxa6 Bxg3 46. Nxg3 Qh6 47. Ra8+ Kf7 48. Rca1 c5 49. R1a7 Rc6 50. Rxe7+ Kxe7 51. Nxf5+ 1-0

[Event "EU-ch 19th"]
[Site "Batumi"]
[Date "2018.03.20"]
[Round "4"]
[White "Golubka, Petro"]
[Black "Onyshchuk, Volodymyr"]
[Result "0-1"]
[WhiteElo "2503"]
[BlackElo "2632"]
[WhiteFideId "-1"]
[BlackFideId "-1"]
[PlyCount "54"]
[GameId "1251152750903296"]
[EventDate "2018.03.17"]
[EventType "swiss"]
[EventRounds "11"]
[EventCountry "GEO"]
[SourceTitle "CBM 184"]
[Source "ChessBase"]
[SourceDate "2018.05.16"]
[SourceVersion "1"]
[SourceVersionDate "2018.05.16"]
[SourceQuality "1"]

1. e4 d6 2. d4 Nf6 3. Nc3 g6 4. h3 a6 5. a4 Bg7 6. Be3 Nc6 7. Nf3 O-O 8. Bc4 e6 9. d5 Nb4 10. O-O a5 11. Re1 e5 12. Qd2 Ne8 13. Ng5 h6 14. Nf3 Kh7 15. Nh2 Nf6 16. Be2 Nd7 17. Nb5 f5 18. exf5 gxf5 19. f4 exf4 20. Bxf4 Nc5 21. c3 Ne4 22. Qd1 c6 23. dxc6 Qb6+ 24. Nd4 Nd5 25. Rf1 Qxb2 26. cxb7 Qxb7 27. Nb5 Qb6+ 0-1

[Event "EUR-ch"]
[Site "Batumi GEO"]
[Date "2018.03.17"]
[Round "1.135"]
[White "Ahadzada, Kanan"]
[Black "Golubka, Petro"]
[Result "1/2-1/2"]
[WhiteElo "1965"]
[BlackElo "2503"]
[WhiteFideId "-1"]
[BlackFideId "-1"]
[PlyCount "66"]
[GameId "2130307621752053"]
[EventDate "2018.03.17"]
[EventType "swiss"]
[EventRounds "11"]
[EventCountry "GEO"]
[SourceTitle "10 Days #538"]
[Source "Chess Mix"]
[SourceDate "2018.04.01"]
[SourceVersion "1"]
[SourceVersionDate "2018.04.01"]
[SourceQuality "1"]

1. e4 c5 2. Nc3 d6 3. g3 Nc6 4. Bg2 Nf6 5. d3 g6 6. Nge2 Bg7 7. O-O a6 8. Bd2 Rb8 9. f4 Bd7 10. h3 b5 11. Qe1 O-O 12. Nd1 c4 13. d4 e5 14. fxe5 dxe5 15. d5 Nd4 16. Nxd4 exd4 17. Qf2 Bxh3 18. Bf4 Ng4 19. Qe2 Qb6 20. Kh1 Bxg2+ 21. Kxg2 Ne5 22. Bxe5 Bxe5 23. Nf2 Rbe8 24. Ng4 Bg7 25. Rae1 f5 26. Nf2 Qd8 27. b3 cxb3 28. cxb3 fxe4 29. Nxe4 Qxd5 30. Rxf8+ Rxf8 31. Qd3 a5 32. Kg1 h6 33. Rc1 Re8 1/2-1/2

[Event "EUR-ch"]
[Site "Batumi GEO"]
[Date "2018.03.18"]
[Round "2.92"]
[White "Golubka, Petro"]
[Black "Abdullayev, Elshad"]
[Result "1-0"]
[WhiteElo "2503"]
[BlackElo "2168"]
[WhiteFideId "-1"]
[BlackFideId "-1"]
[PlyCount "81"]
[GameId "2130307621764596"]
[EventDate "2018.03.17"]
[EventType "swiss"]
[EventRounds "11"]
[EventCountry "GEO"]
[SourceTitle "10 Days #538"]
[Source "Chess Mix"]
[SourceDate "2018.04.01"]
[SourceVersion "1"]
[SourceVersionDate "2018.04.01"]
[SourceQuality "1"]

1. d4 Nf6 2. c4 e6 3. Nf3 d5 4. Nc3 Be7 5. Bg5 h6 6. Bxf6 Bxf6 7. e3 c6 8. Qc2 Nd7 9. O-O-O Qa5 10. Kb1 dxc4 11. Bxc4 b5 12. Bd3 Bb7 13. Ne4 Be7 14. Nfd2 Qb6 15. Nb3 O-O 16. g4 Rac8 17. Nbc5 Rfd8 18. h4 Nxc5 19. dxc5 Qc7 20. g5 Rd5 21. gxh6 gxh6 22. Rhg1+ Kf8 23. f4 Ke8 24. Qc3 Rcd8 25. Rg7 b4 26. Nf6+ Bxf6 27. Qxf6 Qe7 28. Qxh6 Ba6 29. Rg8+ Kd7 30. Rxd8+ Qxd8 31. Bc2 Rxd1+ 32. Bxd1 Kc7 33. Qh5 Qd3+ 34. Bc2 Qxe3 35. Qe5+ Qxe5 36. fxe5 Kd7 37. h5 Ke7 38. h6 Kf8 39. Be4 Bb5 40. Kc2 a5 41. a3 1-0

[Event "EUR-ch"]
[Site "Batumi GEO"]
[Date "2018.03.19"]
[Round "3.43"]
[White "Khalifman, Alexander"]
[Black "Golubka, Petro"]
[Result "1/2-1/2"]
[WhiteElo "2614"]
[BlackElo "2503"]
[WhiteFideId "-1"]
[BlackFideId "-1"]
[PlyCount "51"]
[GameId "2130307621768794"]
[EventDate "2018.03.17"]
[EventType "swiss"]
[EventRounds "11"]
[EventCountry "GEO"]
[SourceTitle "10 Days #538"]
[Source "Chess Mix"]
[SourceDate "2018.04.01"]
[SourceVersion "1"]
[SourceVersionDate "2018.04.01"]
[SourceQuality "1"]

1. d4 Nf6 2. c4 e6 3. Nf3 Bb4+ 4. Bd2 Qe7 5. g3 O-O 6. Bg2 d5 7. O-O Bxd2 8. Nbxd2 Rd8 9. Qc2 Nc6 10. Rfd1 Nb4 11. Qc3 a5 12. Ne5 c5 13. Nb3 cxd4 14. Nxd4 Bd7 15. a3 Nc6 16. Nxd7 Qxd7 17. cxd5 Nxd5 18. Qe1 Qe8 19. e3 Ne5 20. Rac1 g6 21. Qe2 Rac8 22. Rxc8 Rxc8 23. Bxd5 exd5 24. Nf3 Rc5 25. Nxe5 Qxe5 26. Rd4 1/2-1/2